000 00623nam a2200205 i 4500
001 123398
003 ES-MaACL
005 20240521101951.0
007 t|
008 070214s1962 sp |||| |bspa d
100 1 _aAguado, Emiliano,
_d1907-1979
_918604
245 1 0 _aFrancisco de Quevedo /
_cpor Emiliano Aguado.
260 _aMadrid :
_bNuevas Editoriales Unidas,
_c1962.
300 _a290 p. ;
_c20 cm.
490 1 _aGenios y figura ;
_v9
600 1 4 _aQuevedo, Francisco de,
_d1580-1645
_994591
830 0 _aGenios y figura ;
_v9
_9218932
852 _aES-MaACL
_jC-23918
999 _c123398
_d123398